Music Quiz

Random Music or Song Quiz

Billboard Songs of the Year Quiz Stats

 Plays Quiz Updated Jan 31, 2021

     
Support Sporcle.
Go Orange.
Score 0/63 Timer 10:00
0 Plays Today
Year Song % Correct
2014Happy
77.8%
2019Old Town Road
63.6%
2015Uptown Funk!
62.6%
2011Rolling in the Deep
58.9%
2006Bad Day
56%
2013Thrift Shop
55.9%
2003In Da Club
54.9%
2012Somebody That I Used to Know
54.6%
2004Yeah!
53.3%
2017Shape of You
53.2%
2010Tik Tok
51%
1993I Will Always Love You
50.9%
2020Blinding Lights
50.8%
2008Low
50.3%
1997Candle in the Wind (1997)
45.4%
1999Believe
42.2%
1988Faith
41.4%
1987Walk Like an Egyptian
39%
1983Every Breath You Take
37.2%
1968Hey Jude
36.7%
2018God's Plan
36.1%
1970Bridge Over Troubled Water
35%
2009Boom Boom Pow
34.9%
1994The Sign
34.8%
1996Macarena (Bayside Boys Mix)
34.7%
1995Gangsta's Paradise
34.1%
2016Love Yourself
33.3%
1982Physical
33.1%
2002How You Remind Me
30.8%
1980Call Me
30.6%
1991(Everything I Do) I Do It For You
28%
1979My Sharona
27.8%
Year Song % Correct
2001Hanging by a Moment
26%
1984When Doves Cry
25.8%
1971Joy to the World
25.5%
1981Bette Davis Eyes
23.9%
2000Breathe
23.3%
1990Hold On
21.6%
1992End of the Road
21.1%
1985Careless Whisper
21%
2005We Belong Together
20.8%
2007Irreplaceable
20.5%
1964I Want to Hold Your Hand
19.6%
1969Sugar Sugar
19.3%
1975Love Will Keep Us Together
17.4%
1986That's What Friends Are For
16.3%
1973Tie A Yellow Ribbon Round the Ole Oak Tree
15.8%
1967To Sir With Love
13.6%
1974The Way We Were
10.5%
1998Too Close
10.3%
1965Wooly Bully
9.4%
1966The Ballad of the Green Berets
9%
1972The First Time Ever I Saw Your Face
8.4%
1976Silly Love Songs
8.3%
1978Shadow Dancing
7.5%
1977Tonight's the Night (Gonna Be Alright)
6.8%
1959The Battle of New Orleans
5.8%
1960The Theme from 'A Summer Place'
5%
1958Volare (Nel Blu Dipinto Di Blu)
4.4%
1989Look Away
4.3%
1962Stranger on the Shore
3.8%
1963Sugar Shack
2.9%
1961Tossin' and Turnin'
2.5%

From the Vault

25 Regrettable TV Tattoos

by Flick

Some of these tattoos are actually pretty cool, and others may have been a dare.
Remove Ads.
Support Sporcle.
Get the best of Sporcle when you Go Orange. This ad-free experience offers more features, more stats, and more fun while also helping to support Sporcle. Thank you for becoming a member.

Show Comments

Extras

Top Quizzes Today


Score Distribution

Your Account Isn't Verified!

In order to create a playlist on Sporcle, you need to verify the email address you used during registration. Go to your Sporcle Settings to finish the process.

Report this User

Report this user for behavior that violates our Community Guidelines.

Details: